000 00430nam a2200181Ia 4500
001 2199
005 20260306143824.0
008 260306t2023||||xx |||||||||||||| ||spa||
041 _aESP
082 _a616.0252
_bZ28
100 _aZamora Helo, Maximiliano,
_eAUT
245 0 _aManual de primeros auxilios
260 _c2023
300 _a167 páginas :
_c24 cm.
650 _aGEN
654 _aCCS
942 _cLIB
_dJUS
_fJUS
_2ddc
_n
999 _c2199
_d2199